Normal view
MARC view
Entry Personal Name
001 - CONTROL NUMBER
- control field: 4579
003 - CONTROL NUMBER IDENTIFIER
- control field: BD-RjUL
005 - DATE AND TIME OF LATEST TRANSACTION
- control field: 20220831152308.0
008 - FIXED-LENGTH DATA ELEMENTS
- fixed length control field: 220831|| aca||aabn | a|a d
040 ## - CATALOGING SOURCE
- Original cataloging agency: BD-RjUL
- Transcribing agency: BD-RjUL
100 ## - HEADING--PERSONAL NAME
- Personal name: Collison, Robert L.
- Fuller form of name: (Robert Lewis),
- Dates associated with a name: 1914-
670 ## - SOURCE DATA FOUND
- Source citation: Work cat.: (BD-RjUL)80273: Collison, Robert L. (Robert Lewis), 1914-, Newnes Dictionary of dates;, 1966.